000 00618nam a2200229Ia 4500
003 OSt
005 20220926003334.0
006 a|||||r|||| 00| 0
007 ta
008 220923b |||||||| |||| 00| 0 eng d
020 _a0195667573
037 _cGeneral Book
040 _aRTL
_cRTL
_beng
041 _2eng
_aeng
082 _aX:89A, P4
100 _aBEDI Kanishka
_9307177
245 0 _aProduction and operations management
260 _a New Delhi
_bOxford University Press
_c2004
300 _a539p
_ccm.
942 _hX:89A, P4
_cGB
_2CC
999 _c607553
_d607553